MARC

LEADER 00000nam0a2200000 4500
001 120642
005 20231101215626.0
035 |a (RuTPU)RU\TPU\book\130636 
090 |a 120642 
100 |a 20070903d1974 km y0rusy50 ca 
101 0 |a rus 
102 |a RU 
105 |a a z 001zy 
200 1 |a Методы сбора информации в социологическом исследовании  |f Ю. П. Воронов  |g под ред. В. Э. Шляпентоха 
210 |a Москва  |c Статистика  |d 1974 
215 |a 161 с.  |c ил. 
320 |9 572  |a Библиогр.: с. 153-156 
606 1 |a Социологическая информация  |2 stltpush  |3 (RuTPU)RU\TPU\subj\37908  |9 58671 
610 1 |a социологические исследования 
610 1 |a государственная статистика 
610 1 |a опрос 
610 1 |a вопросники 
610 1 |a построение 
610 1 |a процесс 
610 1 |a шкалы 
610 1 |a социологический анализ 
610 1 |a малые группы 
610 1 |a психологическое наблюдение 
610 1 |a планирование 
686 |a С5в  |2 rubbk 
700 1 |a Воронов  |b Ю. П.  |g Юрий Петрович 
702 1 |a Шляпентох  |b В. Э.  |4 340 
801 1 |a RU  |b 63413507  |c 20070903  |g PSBO 
801 2 |a RU  |b 63413507  |c 20201117  |g RCR 
942 |c BK